000 00706nam a2200217Ia 4500
001 17176
003 GE_BSU
008 181216s||||||||xx |||||||||||||| ||und||
040 _cGE_BSU
080 _a821.161.1
100 _aპუშკინი, ა.ს.
245 _aრჩეული ნაწერები : 4 ტომად. ტ. 1.
260 _aთბილისი
260 _bსახელგამი
260 _c1952
300 _a262 გვ. : 1 ფ. პორტრ. 23სმ.
300 _eდანართი: შენიშვნები, გვ. 255-259.
653 _aმოთხრობა
653 _aრჩეული ნაწერები
942 _cBK
999 _c50238
_d50238